ASSESSMENT OF ECOSYSTEM INTEGRITY BASED ON HABITAT QUALITY AND FISH INDICES OF RIVER KATHITA AND ASSOCIATED DAMS IN UPPER TANA BASIN, KENYA (Record no. 215985)
[ view plain ]
| 000 -LEADER | |
|---|---|
| fixed length control field | 00505nam a22001457a 4500 |
| 008 - FIXED-LENGTH DATA ELEMENTS--GENERAL INFORMATION | |
| fixed length control field | 250730b |||||||| |||| 00| 0 eng d |
| 050 ## - LIBRARY OF CONGRESS CALL NUMBER | |
| Classification number | THE TD 227. R863 2021 |
| Item number | C. 1 |
| 100 ## - MAIN ENTRY--PERSONAL NAME | |
| Personal name | GITONGA, RWANDA DOUGLAS |
| 245 ## - TITLE STATEMENT | |
| Title | ASSESSMENT OF ECOSYSTEM INTEGRITY BASED ON HABITAT QUALITY AND FISH INDICES OF RIVER KATHITA AND ASSOCIATED DAMS IN UPPER TANA BASIN, KENYA |
| 260 ## - PUBLICATION, DISTRIBUTION, ETC. | |
| Place of publication, distribution, etc. | KISII |
| Name of publisher, distributor, etc. | KSU |
| Date of publication, distribution, etc. | 2021 |
| 300 ## - PHYSICAL DESCRIPTION | |
| Extent | XVI, 116P.,ILL: |
| 500 ## - GENERAL NOTE | |
| General note | INCLUDES REFERENCES |
| 942 ## - ADDED ENTRY ELEMENTS (KOHA) | |
| Source of classification or shelving scheme | Library of Congress Classification |
| Koha item type | Reference |
| Withdrawn status | Lost status | Source of classification or shelving scheme | Damaged status | Not for loan | Collection | Home library | Current library | Shelving location | Date acquired | Inventory number | Total checkouts | Full call number | Barcode | Date last seen | Copy number | Price effective from | Koha item type |
|---|---|---|---|---|---|---|---|---|---|---|---|---|---|---|---|---|---|
| Library of Congress Classification | Not for loan | Special Research | Kisii University Library | Kisii University Library | On Display | 07/30/2025 | 99000 | THE TD 227. R863 2021 | 000000021164 | 07/30/2025 | C.1 | 07/30/2025 | Reference |